01537nam a2200373 a 4500001001200000003000800012006001900020007001500039008004100054010001700095020004300112020002700155040002100182035002100203043001200224050002000236082001600256100002500272245012400297250001200421260006200433300001100495504005100506533015200557650006000709650005200769650005000821651005800871651004500929655002900974710001701003856012601020999001701146ebr10642751CaPaEBRm u cr cn|||||||||120123s2012 pau sb 001 0 eng d z 2012002921 z9780812244274 (hardcover : alk. paper) z9780812206470 (e-book) aCaPaEBRcCaPaEBR a(OCoLC)822017902 an-usn--14aF7b.G65 2012eb04a974/.022231 aGoodman, Nan,d1957-10aBanishedh[electronic resource] :bcommon law and the rhetoric of social exclusion in early New England /cNan Goodman. a1st ed. aPhiladelphia :bUniversity of Pennsylvania Press,cc2012. a206 p. aIncludes bibliographical references and index. aElectronic reproduction.bPalo Alto, Calif. :cebrary,d2013.nAvailable via World Wide Web.nAccess may be limited to ebrary affiliated libraries. 0aExile (Punishment)zNew EnglandxHistoryy17th century. 0aCommon lawzNew EnglandxHistoryy17th century. 0aPuritanszNew EnglandxHistoryy17th century. 0aNew EnglandxHistoryyColonial period, ca. 1600-1775. 0aNew EnglandxCivilizationy17th century. 7aElectronic books.2local2 aebrary, Inc.40uhttp://site.ebrary.com/lib/rucke/Doc?id=10642751zAn electronic book accessible through the World Wide Web; click to view c43963d43963